000 00942nam a22003017a 4500
003 CHAP
005 20220329133709.0
008 971013s1992 r 00010 d
010 _a9632
011 _a10604
035 _a9842
040 _cCHAP
090 _aFolleto 14284
100 0 0 _aTulloss, Rodham E.
_9115529
245 _aStudies on amanita (Amanitaceae) from Andean Colombia
260 _aNew York :
_bThe New York Botanical Garden,
_c1992
300 _a46 p.
_b: ilus
490 _aMemoirs of the New York botanical garden
_v; 66
590 _aBATCH-UPD
_b10
_c20130110
_lUCH01
_h1513
590 _aCONVERSION
_b10
_c20130109
_lUCH01
_h1306
650 1 4 _aAmanita.
_95094
700 0 _aHalling, Roy E.
_952369
700 0 _aOvrebo, Clark L.
_984413
830 0 _aMemoirs of the New York botanical garden
_v; 66
_974507
901 _aBK
942 _cFOLL
949 _aFolleto 14284
_bBC
_cFOLL
_d-20951
_eTS1
_gI. c/e
_i9842
_si
_t24.70
999 _c9632
_d9632